A History of Philosophy : Ockham to Suárez /

Obra completa en nueve volúmenes, disponibles en biblioteca excepto el último, que presenta un estudio sobre las doctrinas de los filósofos más significativos y de los movimientos filosóficos surgidos en cada período de la historia de la filosofía. El presente volumen trata sobre la nueva visión del...

ver descrição completa

Na minha lista:
Detalhes bibliográficos
Autor principal: Copleston, Frederick C. (autor)
Formato: Livro
Idioma:inglês
Colecção:(The Bellarmine Series ; 14)
Assuntos:
Tags: Adicionar Tag
Sem tags, seja o primeiro a adicionar uma tag!

MARC

LEADER 00000nam^a2200000^a^4500
001 000261823
005 20250521000000.0
009 20260310110524.506
037 |a Acervo Xavier Clavigero 
041 |a ING 
082 |a 140. 9  |b COP V. 3 
100 |a Copleston, Frederick C.  |e (autor) 
240 1 1 |a [Historia de la filosofía] 
245 1 2 |a A History of Philosophy :  |b Ockham to Suárez /  |c F.C. Copleston. 
264 |a Londres, Inglaterra :  |b Burns and Oates,  |c 1953 
300 |a VIII, 479 p. 
336 |a texto  |b txt  |2 rdacontenido 
337 |a sin mediación  |b n  |2 rdamedio 
338 |a volumen  |b nc  |2 rdasoporte 
440 4 |a (The Bellarmine Series ;  |v 14) 
520 |a Obra completa en nueve volúmenes, disponibles en biblioteca excepto el último, que presenta un estudio sobre las doctrinas de los filósofos más significativos y de los movimientos filosóficos surgidos en cada período de la historia de la filosofía. El presente volumen trata sobre la nueva visión del mundo de los hombres del Renacimiento y el enfrentamiento contra la visión medieval, donde el pensamiento filosófico representa un papel sustancial en ésta transición. Contenido del V. 3: Siglo XIV; La filosofía del Renacimiento; Escolasticismo del Renacimiento. 
649 |a XX 
650 |a Neoplatónicos -  |x Historia y Crítica 
650 |a Estoicos -  |x Historia y Crítica 
650 |a Filosofía de la Naturaleza 
650 |a Escolástica -  |x Historia y Crítica 
650 |a Filosofía del Renacimiento -  |x Historia y Crítica -  |x Tema Principal 
650 |a Filosofía -  |x Historia y Crítica 
650 |a Ockham, Guillermo de 
650 |a Padua, Marsilio de 
650 |a Bacon, Francis 
650 |a Suárez, Francisco 
600 |a Cusa, Nicolás de 
910 |a Fondo General 
920 |a Impresos - Libros 
930 |a Colección General 
905 |a 101 
901 |a 012316  |b IT1  |c ACC  |u 20250521 
901 |a 012315  |b IT1  |c ACC  |u 20250521 
901 |a 000194  |b IT1  |c ACC  |u 20250521 
902 |a https://opac.biblio.iteso.mx/vufind/Record/000261823